1520 1642 1366 1163 1202 1037 1082 1020 1047 1039 1389 1137 1008 1953 1821 1576 1800 1438 1227 1348 1314 1008 1917 1634 1068 1887 1457 1731 1965 1972 1511 1124 1765 1476 1164 1421 1211 1874 1460 1091 1181 1987 1001 1103 1400 1750 1622 1222 1437 1378 1522 1078 1230 1861 1460 1218 1930 1279 1923 1896 1457 1233 1519 1465 1153 1557 1643 1409 1587 1563 1221 1688 1987 1081 1348 1231 1622 1884 1920 1097 1191 1749 1288 1707 1427 1923 1051 1799 1577 1948 1857 1731 1643 1620 1963 1636 1370 1989 1543 BCNSPRNW ULIB Ver.6.0+V

เปลี่ยนเป็นภาษาไทย

Change to English
 แสดงรายละเอียดบรรณานุกรม
  กลับหน้าหลัก

Brief Record : Get Marc (ISO 2709) : E-mail record : QR code < ปิดหน้าต่าง
LEADER : 00000nam 2200000uu 4500
001    13399113677
003     ULIB
008    110627s2551||||th 000 0 tha d
020    9749335236
090    นว.^bห...ป 2551
100 0  หงษ์หยก
245 00 ปริศนาเคียงดาว/^cหงษ์หยก
250    พิมพ์ครั้งที่ 1
260    กรุงเทพฯ :^bนกฮูก,^c2551
300    359 หน้า
710 1  นกฮูก
945    ^p179^l0^i022003
995    ทศพร
999 ^a ใช้งานได้ทุกระบบ
รายการนี้ยังไม่มีแท็ก
คุณยังไม่ได้ล็อกอิน คุณสามารถมีกิจกรรมร่วมกับเว็บไซต์ได้ แต่ต้องล็อกอินก่อน ::
  ล็อกอิน

รายการสื่อสารสนเทศ

ลำดับที่ ประเภท เลขเรียก/บาร์โค้ด สถานที่ สถานะ
1. นวนิยาย
นวนิยาย
นว. ห...ป 2551 ฉ.1 
  Barcode: 022003
ห้องสมุดวิทยาเขตสวรรค์ประชารักษ์
►นวนิยาย
บนชั้น
  ขอยืม

รายการใกล้เคียง
    ผู้แต่ง [หงษ์หยก]

BibComment


ยังไม่เคยถูกคอมเมนท์

คอมเมนท์ทรัพยากรรายการนี้
  คอมเมนท์: ปริศนาเคียงดาว หง..


 Copyright 2026. Bcnsprnw @Library